Culture Générale - Série 2565 - Statistiques

Statistiques générales
  • Ce quiz a été pris 160 fois
  • Le résultat moyen est 6 sur 10
Statistiques - réponses
Question Réponse % Correct
Quelqu'un qui a peur de tout est appelé ....... mouillée poule
100%
Quelle couleur représente la puissance, la force, l'énergie, la passion et l'amour ? rouge
99%
Quel élément chimique a pour symbole "Li" ? lithium
82%
Dans quel roman de Stendhal trouve-t-on le personnage de "Julien Sorel" ? 5 mots le rouge et le noir
75%
Quel fruit peut être appelé "Beurré Hardy", "Général Leclerc" ? poire
62%
La pierre déchiffrée par Jean-François Champollion est appelée "pierre de ... rosette
59%
Le nom latin de cette fleur est "hyacinthus" - voir photo jacinthe
50%
Dans quel roman d'Albert Camus trouve-t-on le personnage de "Bernard Rieux" ? - 2 mots la peste
50%
Dans quel département français se trouve la commune de Laguiole, célèbre pour ses couteaux ? Aveyron
23%
Dans quel roman de Balzac trouve-t-on le personnage de " Lucien de Rubempré" ? - 2 mots illusions perdues
7%
Aucun quiz correspondant
Distribution des résultats
% des personnes avec chaque résultat
Percentile par nombre de réponses
Votre historique - résultats
Vous n’avez pas pris ce quiz